| 000 | 00768cam a2200265 4500 | ||
|---|---|---|---|
| 008 | 090401t1995 xxu||||| |||| 00| 0 eng d | ||
| 020 | _a0860173984 | ||
| 035 | _a(Sirsi) u55906 | ||
| 041 | _aeng | ||
| 050 | _a333.73 | ||
| 110 |
_aConstruction Industry Research and Information Association _94810 |
||
| 245 | _aRemedial treatment for contaminated land. Volume III: Site investigation and assessment. | ||
| 260 |
_aLondon _bCIRIA _c1995 |
||
| 300 | _axiv,243p. : ill. ; 30cm. | ||
| 350 | _a0 | ||
| 490 |
_aCIRIA Special Publication _v103 |
||
| 650 | _aCONTAMINATED LAND | ||
| 650 | _aRISK ASSESSMENT | ||
| 650 | _aRISK MANAGEMENT | ||
| 650 | _aSITE ASSESSMENT | ||
| 650 | _aSITE INVESTIGATION | ||
| 690 | _aLAND | ||
| 942 | _n0 | ||
| 948 | _c04/03/1997 | ||
| 999 |
_c93673 _d93673 |
||